Estaciones del MIO (Cali, Colombia) - Estadísticas

Estadísticas generales
  • Esta prueba ha sido intentada 48 veces
    32 desde el último reinicio
  • La puntuación promedio es 37 de 89
Estadísticas de respuestas
Estación % Correcto
Troncal Calle 5 Universidades
88%
Troncal Calle 5 Estadio
81%
Troncal Centro San Bosco
81%
Troncal Centro San Pedro
75%
Troncal Aguablanca Terminal Aguablanca
75%
Troncal Avenida 3N Torre de Cali
75%
Troncal Calle 5 Buitrera
69%
Troncal Calle 5 Lido
69%
Troncal Calle 5 Manzana del Saber
69%
Troncal Calle 5 Pampalinda
69%
Troncales Aguablanca y Oriental Terminal Calipso
69%
Troncal Carrera 1 Terminal Paso del Comercio
69%
Troncal Calle 5 Capri
63%
Troncal Carrera 1 Chiminangos
63%
Troncal Carrera 1 Manzanares
63%
Troncal Calle 5 Meléndez
63%
Troncal Centro Petecuy
63%
Troncal Calle 5 Refugio
63%
Troncal Carrera 1 Salomia
63%
Troncal Centro San Pascual
63%
Troncal Calle 5 Tequendama
63%
Troncal Oriental Terminal Simón Bolivar
63%
Troncal Calle 5 Unidad Deportiva
63%
Troncal Centro Centro
56%
Troncal Centro La Ermita
56%
Troncal Carrera 1 Piloto
56%
Troncal Calle 5 Santa Librada
56%
Troncal Centro Sucre
56%
Troncal Carrera 15 Terminal Andrés Sanin
56%
Troncal Avenida 3N Terminal Menga
56%
Troncal Calle 5 Univalle
56%
Troncal Calle 5 Caldas
50%
Troncal Oriental Calima
50%
Troncal Carrera 15 El Trébol
50%
Troncal Carrera 1 Fátima
50%
Troncal Centro Plaza Cayzedo
50%
Troncal Calle 5 Plaza de Toros
50%
Troncal Avenida 3N Prados del Norte
50%
Troncal Avenida 3N Versalles
50%
Troncal Oriental Alfonso López
44%
Troncal Carrera 1 Flora Industrial
44%
Troncal Avenida 3N Las Américas
44%
Troncal Aguablanca Cien Palos
38%
Troncal Carrera 15 Floresta
38%
Troncal Centro Fray Damián
38%
Troncal Aguablanca Nuevo Latir
38%
Troncal Carrera 1 Popular
38%
Troncal Carrera 1 Rio Cali
38%
MIO Cable Terminal Cañaveralejo
38%
Troncal Carrera 15 Villacolombia
38%
Troncal Avenida 3N Vipasa
38%
Troncal Avenida 3N Álamos
31%
Troncal Carrera 15 Atanasio Girardot
31%
Troncal Carrera 15 Chapinero
31%
Troncal Aguablanca Conquistadores
31%
Troncal Oriental El Diamante
31%
Troncal Oriental Los Guaduales
31%
Troncal Oriental Mariano Ramos
31%
Troncal Oriental San Luis
31%
Troncal Carrera 1 San Nicolás
31%
Troncal Aguablanca Santa Mónica
31%
Troncal Oriental Ulpiano Lloreda
31%
Troncal Aguablanca Villanueva
31%
Troncal Carrera 15 7 de Agosto
25%
Troncal Oriental Antonio Nariño
25%
Troncal Oriental El Pondaje
25%
Troncal Oriental Nueva Base
25%
Troncal Aguablanca Primitivo
25%
Troncal Oriental República de Israel
25%
Troncal Aguablanca Troncal Unida
25%
Troncal Oriental Villa del Sur
25%
Troncal Aguablanca Amanecer
19%
Troncal Carrera 15 Belalcázar
19%
Troncal Oriental Jorge Eliecer Gaitán
19%
Troncal Oriental La Rivera
19%
Troncal Oriental Las Ceibas
19%
Troncal Oriental Lleras Restrepo
19%
Troncal Oriental Los Alcázares
19%
Troncal Oriental Metropolitano del Norte
19%
Troncal Oriental Villa del Lago
19%
MIO Cable Brisas de Mayo
13%
Troncal Oriental Cañaverales
13%
Troncal Oriental Ciudad Modelo
13%
MIO Cable Lleras Camargo
13%
Troncal Oriental Los Pinos
13%
Troncal Oriental Nueva Floresta
13%
Troncal Centro Santa Rosa
13%
Troncal Oriental Pacará
6%
MIO Cable Tierra Blanca
6%
No se encontraron pruebas coincidentes
Distribución de puntuación
Porcentaje de gente con cada puntuación
Porcentaje por número respondido
Historial de tus puntuaciones
No has intentado esta prueba desde el último reinicio